000 01465nam a2200313 a 4500
001 ebr10062702
003 CaPaEBR
006 m u
007 cr cn|||||||||
008 930524s1993 dcua sb 000 0 eng
010 _z 93084866
020 _z030904877X (pbk.)
040 _aCaPaEBR
_cCaPaEBR
035 _a(OCoLC)631265283
050 1 4 _aLB2340.5
_b.Q35 1993eb
082 0 4 _a378.3/0973
_220
245 0 0 _aQuality in student financial aid programs
_h[electronic resource] :
_ba new approach /
_c[edited by] Ronald S. Fecso, Panel on Quality Improvement in Student Financial Aid Programs, Benjamin F. King, Committee on National Statistics, Commission on Behavioral and Social Sciences and Education, National Research Council.
260 _aWashington, DC :
_bNational Academy Press,
_c1993.
300 _a249 p. :
_bill.
504 _aIncludes bibliographical references (p. 177-181).
533 _aElectronic reproduction.
_bPalo Alto, Calif. :
_cebrary,
_d2013.
_nAvailable via World Wide Web.
_nAccess may be limited to ebrary affiliated libraries.
650 0 _aStudent financial aid administration
_zUnited States
_xEvaluation.
650 0 _aStudent aid
_zUnited States.
655 7 _aElectronic books.
_2local
700 1 _aFecso, Ron.
700 1 _aKing, Benjamin F.
710 2 _aebrary, Inc.
856 4 0 _uhttp://site.ebrary.com/lib/rucke/Doc?id=10062702
_zAn electronic book accessible through the World Wide Web; click to view
999 _c156710
_d156710